Statistiques concernant Nourriture par images #2

Cliquez ici pour prendre le quiz!

Statistiques générales

  • Ce quiz a été pris 2 571 fois
  • Le résultat moyen est 11 sur 15

Statistiques - réponses

Réponse% Correct
Tomate
99%
Carotte
95%
Poivron
95%
Concombre
93%
Brocoli
92%
Champignon
92%
Maïs
92%
Oignon
91%
Radis
88%
Citrouille
71%
Chou-fleur
64%
Asperge
61%
Aubergine
40%
Chou de Bruxelles
30%
Betterave
18%

Distribution des résultats

Percentile par nombre de réponses

% des personnes avec chaque résultat

Votre développement - résultats

Vous n’avez pas pris ce quiz